| 000 | 01239nam a2200373 i 4500 | ||
|---|---|---|---|
| 001 | 197998 | ||
| 003 | ES-MaACL | ||
| 005 | 20260219063011.0 | ||
| 007 | ta | ||
| 008 | 251203s2016 sp | |||| 001 1 spa | ||
| 017 |
_aB 6854-2016 _bOficina Depósito Legal Barcelona |
||
| 020 | _a978-84-16541-54-6 | ||
| 040 |
_aES-MaACL _bspa _cES-MaACL _erda |
||
| 080 | _a821.134.2-31"19" | ||
| 100 | 1 |
_aMañas, José Ángel, _d1971- _4aut _9171143 _eaut |
|
| 245 | 1 | 0 |
_aTodos iremos al paraíso / _cJosé Ángel Mañas |
| 250 | _aPrimera edición : abril de 2016 | ||
| 264 | 1 |
_aBarcelona _bStella Maris, _c2016 |
|
| 264 | 4 | _a©2016 | |
| 300 |
_a199 páginas ; _c23 cm |
||
| 336 |
_aTexto _2rdacontent |
||
| 337 |
_asin mediación _2rdamedia |
||
| 338 |
_2rdacarrier _avolumen |
||
| 490 | 0 | _aStella litterae | |
| 500 | _aÍndice | ||
| 655 | 4 |
_2tgfbne _9234410 _aNovelas de suspense |
|
| 852 |
_aES-MaACL _cDEPO1 _jA-15946 _hDonación: José Lázaro García _xEncuadernación rústica con solapas _9207078 |
||
| 901 | _aMON1605 | ||
| 942 |
_cMONOGRAFIA _n0 |
||
| 956 | _a2 | ||
| 999 |
_c197998 _d197998 |
||